| 000 | 01051cam a2200277 a 4500 | ||
|---|---|---|---|
| 001 | STB033171 | ||
| 003 | PILC | ||
| 005 | 20150924135656.0 | ||
| 008 | 111128s2013 maua 001 0 eng | ||
| 010 | _a2011944307 | ||
| 020 | _a9789814510639 | ||
| 040 |
_aDLC _cDLC _dDLC |
||
| 042 | _apcc | ||
| 050 | 0 | 0 |
_aQA 372 _b.Z65 2013 |
| 100 | 1 |
_aZill, Dennis G., _d1940- |
|
| 245 | 1 | 2 |
_aA first course in differential equations with modeling applications / _cDennis G. Zill. |
| 250 | _a8th edition. | ||
| 260 |
_aAndover : _bCengage Learning, _c2013. |
||
| 300 |
_axv, 549 pages : _billustrations ; _c29 cm. |
||
| 500 | _aIncludes appendix and index. | ||
| 650 | 0 |
_aDifferential equations _vTextbooks. |
|
| 856 | 4 | 2 |
_3Contributor biographical information _uhttp://www.loc.gov/catdir/enhancements/fy1303/2011944307-b.html |
| 856 | 4 | 2 |
_3Publisher description _uhttp://www.loc.gov/catdir/enhancements/fy1303/2011944307-d.html |
| 856 | 4 | 1 |
_3Table of contents only _uhttp://www.loc.gov/catdir/enhancements/fy1303/2011944307-t.html |
| 942 |
_2lcc _cBK _kFOR |
||
| 999 |
_c288739 _d288739 |
||